Data structures and program design in C (Record no. 6673)

000 -LEADER
fixed length control field 00633 a2200205 4500
020 ## - INTERNATIONAL STANDARD BOOK NUMBER
International Standard Book Number 013288366X
040 ## - CATALOGING SOURCE
Original cataloging agency DLC
082 00 - DEWEY DECIMAL CLASSIFICATION NUMBER
Classification number 005.73
100 1# - MAIN ENTRY--PERSONAL NAME
Personal name Kruse, Robert L.
245 10 - TITLE STATEMENT
Title Data structures and program design in C
Statement of responsibility, etc. Robert L. Kruse, Clovis L. Tondo, Bruce P. Leung.
246 14 - VARYING FORM OF TITLE
Title proper/short title Data structures & program design in C
250 ## - EDITION STATEMENT
Edition statement 2nd ed.
260 ## - PUBLICATION, DISTRIBUTION, ETC.
Place of publication, distribution, etc. Delhi :
Name of publisher, distributor, etc. Pearson Education Asia,
Date of publication, distribution, etc. c1997.
300 ## - PHYSICAL DESCRIPTION
Extent xvi, 671 p. :
Other physical details ill. (some col.) ;
Dimensions 25 cm.
500 ## - GENERAL NOTE
General note Indian Print
650 #0 - SUBJECT ADDED ENTRY--TOPICAL TERM
Topical term or geographic name entry element C (Computer program language)
700 1# - ADDED ENTRY--PERSONAL NAME
Personal name Tondo, Clovis L.
700 1# - ADDED ENTRY--PERSONAL NAME
Personal name Leung, Bruce P.
942 ## - ADDED ENTRY ELEMENTS (KOHA)
Koha item type Book
Call number prefix 005.73 KRU
Source of classification or shelving scheme
Holdings
Withdrawn status Lost status Damaged status Not for loan Collection code Permanent Location Current Location Shelving location Date acquired Source of acquisition Cost, normal purchase price Total Checkouts Full call number Barcode Date last seen Date last checked out Price effective from Koha item type
          Central Library (CL) Central Library (CL) First Floor - Operating System/ Data Structure 11/11/2002 Book Field 318.75 2 005.73 KRU SEECS002745 11/24/2021 10/05/2021 01/05/2017 Book
© 2023 Central Library, National University of Sciences and Technology. All Rights Reserved.